000 00692 a2200241 4500
005 20250505082436.0
020 _a9789351111344
050 _aS494.5
_bCHO 2013
100 _aChoyal, Rajaram
_eauthor
245 _aPlants and crop productivity /
_cRajaram Choyal
264 _aNew Delhi :
_bRandom Publications,
_c2013
300 _a280 pages :
_billustrations
336 _2rdacontent
_atext
_btxt
337 _2rdamedia
_aunmediated
_bn
338 _2rdacarrier
_avolume
_bnc
500 _aIncludes index
650 _aPlant breeding
650 _aCrop production
650 _aBiology
_xTechnique
650 _aCell culture
650 _aBiotechnology
942 _2lcc
_cBK
_h494.5
_iCHO
_kS
999 _c1195
_d1195